| 000 | 00856nam a2200205 a 4500 | ||
|---|---|---|---|
| 005 | 20210219152621.0 | ||
| 008 | 991125s1999 mx 000 0 spa u | ||
| 035 | _aUPN01000057569 | ||
| 049 | _aAV | ||
| 099 | _aPVI M 0801 | ||
| 100 | 1 |
_aBrecht, Bertolt, _d1898-1956 |
|
| 245 | 1 | 0 |
_aTurandot / _cGiacomo Puccini ; dir. Donald Runnicles. |
| 260 |
_aMéxico : _bCanal 22 : _bCNCA, _c1999. |
||
| 300 |
_a1 videocasete (VHS) (123 min.) : _bson., col. |
||
| 440 | 0 | _aMúsica | |
| 520 | _aObra de Giocomo Puccini, Turandot, una de las obras más apreciadas de la operística, gracias a la forma de abordar elamor transformado que vence a la crueldad, combinando con la riqueza y la exhuberancia musical. La producción de esta obra es a cargo de la Opera de San Francisco | ||
| 650 | 4 | _aOPERA | |
| 700 | 1 |
_aRunnicles, Donald, _edir. |
|
| 905 | _aAudiovisuales | ||
| 999 |
_c57569 _d57569 |
||